|
|
|
|
| LEADER |
00000nam0a2200000 4500 |
| 001 |
269926 |
| 005 |
20231101234312.0 |
| 010 |
|
|
|a 9785982813176
|
| 010 |
|
|
|a 978-5-16-009342-0
|
| 035 |
|
|
|a (RuTPU)RU\TPU\book\293105
|
| 090 |
|
|
|a 269926
|
| 100 |
|
|
|a 20140923d2014 m y0rusy50 ca
|
| 101 |
0 |
|
|a rus
|
| 102 |
|
|
|a RU
|
| 105 |
|
|
|a a j 001zy
|
| 200 |
1 |
|
|a Переработка и утилизация дисперсных материалов и твердых отходов
|e учебное пособие для вузов
|f под ред. В. И. Назарова
|
| 210 |
|
|
|a Москва
|c Альфа-М
|c Уником Сервис
|c Инфра-М
|d 2014
|
| 215 |
|
|
|a 462 с.
|c ил.
|
| 225 |
1 |
|
|a Технологический сервис
|
| 225 |
1 |
|
|a Бакалавриат и магистратура
|
| 320 |
|
|
|a Библиогр.: с. 456-458.
|
| 330 |
|
|
|a Приводятся классификация отходов, общие закономерности процессов и методов их переработки. Рассматриваются основные процессы и оборудование цикла производства изделий и утилизации отходов (стадии дробления, помола, классификации зернистых материалов и смешения), инженерные методы расчета технологических параметров процессов, примеры расчетов оборудования.Для студентов вузов, обучающихся по направлению подготовки бакалавров и магистров 150100 «Материаловедение и технологии материалов», подисциплине «Техника и технология по переработке отходов».
|
| 606 |
1 |
|
|a Промышленные отходы
|x Переработка
|2 stltpush
|3 (RuTPU)RU\TPU\subj\52543
|9 70955
|
| 610 |
1 |
|
|a твердые отходы
|
| 610 |
1 |
|
|a дисперсные материалы
|
| 610 |
1 |
|
|a переработка
|
| 610 |
1 |
|
|a утилизация
|
| 610 |
1 |
|
|a шлам
|
| 610 |
1 |
|
|a пасты
|
| 610 |
1 |
|
|a бытовые отходы
|
| 610 |
1 |
|
|a состав
|
| 610 |
1 |
|
|a свойства
|
| 610 |
1 |
|
|a промышленное обезвреживание
|
| 610 |
1 |
|
|a помол
|
| 610 |
1 |
|
|a измельчители
|
| 610 |
1 |
|
|a дробилки
|
| 610 |
1 |
|
|a мельницы
|
| 610 |
1 |
|
|a виброгрохоты
|
| 610 |
1 |
|
|a смесители
|
| 610 |
1 |
|
|a практикумы
|
| 610 |
1 |
|
|a учебные пособия
|
| 675 |
|
|
|a 658.567.1(075.8)
|v 3
|
| 702 |
|
1 |
|a Назаров
|b В. И.
|g Вячеслав Иванович
|4 340
|
| 801 |
|
1 |
|a RU
|b 63413507
|c 20140923
|
| 801 |
|
2 |
|a RU
|b 63413507
|c 20200826
|g RCR
|
| 942 |
|
|
|c BK
|
| 959 |
|
|
|a 130/20140919
|d 5
|e 449,90
|f ЧЗТЛ:1
|f АНЛ:1
|f УФ:3
|